01277 2200445 4500001002100000005001500021035002000036007000300056040001600059100002400075245007100099250001800170300003500188020002200223041000800245082001200253090002300265264003400288336002100322337003000343338002300373650004500396850001000441008004100451084001800492500002300510700003900533504002900572990001800601990001800619990001800637990001800655990002200673990002200695990002200717990002300739990002300762990002300785990002300808INLIS00000000000444320260526105455 a0010-0122000075ta aSBUPADbind0 aSutarmanePengarang1 aPengantar Teknologi Informasi /cSutarman ;editor, Fatna Yustianti aEd. 1, Cet. 2 ax, 288 Hal. :billus. ;c23 cm a978-979-010-565-70 aind a621.382 a621.382 SUT p 1-15 aJakarta :bBumi Aksara,c2012 2rdacontentaTeks 2rdamediaaTanpa Perantara 2rdacarrieraVolume 4aTeknologi Informasi: pengenalan komputer aPUPAD260526 0  a621.382 SUT p aGlosarium, Hlm 2790 aeditor, Fatna YustiantiePengarang abibliografi, hlm 275-277 a18084/BR/2013 a18082/BR/2013 a18083/BR/2013 a18081/BR/2013 a12895/H/KAPD/2010 a12897/H/KAPD/2010 a12896/H/KAPD/2010 a17261/BR/KAPD/2012 a17263/BR/KAPD/2012 a17262/BR/KAPD/2012 a17264/BR/KAPD/2012